[Event "Wch U12 blitz"]
[Site "Batumi"]
[Date "2023.06.11"]
[Round "9"]
[White "Sahakyan, Hamlet"]
[Black "Tulendinov, Dinmukhammed"]
[Result "0-1"]
[WhiteElo "1473"]
[BlackElo "1915"]
[PlyCount "132"]
[EventDate "2023.06.10"]
[EventType "swiss (blitz)"]
[EventRounds "11"]
[EventCountry "GEO"]
[SourceTitle "EXT 2024"]
[Source "ChessBase"]
[SourceDate "2023.10.10"]
[SourceVersion "1"]
[SourceVersionDate "2023.10.10"]
[SourceQuality "1"]
[WhiteTeam "Armenia"]
[BlackTeam "Kazakhstan"]
[WhiteTeamCountry "ARM"]
[BlackTeamCountry "KAZ"]

1. e4 c5 2. Nc3 Nc6 3. Bb5 Nd4 4. Nf3 e6 5. 0-0 a6 6. Bd3 Nc6 7. Nd5 d6 8. Ne3 Nf6 9. Re1 Be7 10. Nf1 e5 11. c3 0-0 12. Ng3 Re8 13. Bc2 Bf8 14. d4 cxd4 15. cxd4 Bg4 16. d5 Nd4 17. Be3 Bxf3 18. gxf3 Nxc2 19. Qxc2 h5 20. h4 Nh7 21. Nxh5 Qxh4 22. Ng3 Qh3 23. Qe2 Nf6 24. Qf1 Qh4 25. Kg2 Nh5 26. Qh1 Nf4+ 27. Bxf4 Qxf4 28. Qh3 g6 29. Rac1 Bh6 30. Rc7 Kg7 31. Qg4 Qxg4 32. fxg4 Rab8 33. Re2 Bg5 34. Rec2 Red8 35. f3 Bf4 36. Ne2 Bg5 37. a4 Kf8 38. b4 Be7 39. Kg3 Ke8 40. f4 exf4+ 41. Kxf4 Rd7 42. e5 dxe5+ 43. Ke4 Bxb4 44. Rxd7 Kxd7 45. Kxe5 Bd6+ 46. Kd4 b5 47. axb5 Rxb5 48. Ra2 a5 49. Nc3 Rb4+ 50. Kd3 Bc7 51. Rf2 Ke7 52. Ne4 a4 53. Rc2 Be5 54. g5 a3 55. Ra2 Bb2 56. Ke3 Rxe4+ 57. Kxe4 Kd6 58. Kd3 Kxd5 59. Ke3 Ke5 60. Kf3 Kf5 61. Kg3 Kxg5 62. Kf3 f5 63. Kg3 f4+ 64. Kf3 Kf5 65. Kf2 g5 66. Kf3 g4+ 0-1

[Event "Wch U12 blitz"]
[Site "Batumi"]
[Date "2023.06.10"]
[Round "4"]
[White "Golubovic, Erik"]
[Black "Sahakyan, Hamlet"]
[Result "0-1"]
[WhiteElo "1867"]
[BlackElo "1473"]
[PlyCount "80"]
[EventDate "2023.06.10"]
[EventType "swiss (blitz)"]
[EventRounds "11"]
[EventCountry "GEO"]
[SourceTitle "EXT 2024"]
[Source "ChessBase"]
[SourceDate "2023.10.10"]
[SourceVersion "1"]
[SourceVersionDate "2023.10.10"]
[SourceQuality "1"]
[WhiteTeam "Croatia"]
[BlackTeam "Armenia"]
[WhiteTeamCountry "CRO"]
[BlackTeamCountry "ARM"]

1. d4 Nf6 2. c4 e5 3. dxe5 Ng4 4. Nf3 Nc6 5. e3 Ngxe5 6. Be2 Bb4+ 7. Bd2 Bxd2+ 8. Qxd2 d6 9. 0-0 Be6 10. b3 0-0 11. Nc3 Qf6 12. Rfd1 Rad8 13. Rac1 Rfe8 14. Nd5 Qg6 15. Nxc7 Re7 16. Nxe6 fxe6 17. Nxe5 Nxe5 18. Qb4 Nc6 19. Qa3 e5 20. b4 e4 21. Rd5 Ne5 22. c5 Rf7 23. Rxd6 Rxd6 24. cxd6 Qxd6 25. Rd1 Qf6 26. Rf1 h6 27. Qxa7 Qg6 28. Qd4 Nf3+ 29. Bxf3 exf3 30. g3 Qe6 31. Qd8+ Rf8 32. Qh4 Rc8 33. Rd1 Qxa2 34. Qg4 Rf8 35. Qe4 Qe2 36. Rf1 b5 37. Qe6+ Kh8 38. Qd5 Rc8 39. Qd7 Qxf1+ 40. Kxf1 Rc1+ 0-1